| 000 | 00739nam a2200241Ia 4500 | ||
|---|---|---|---|
| 003 | OSt | ||
| 005 | 20220926031828.0 | ||
| 006 | a|||||r|||| 00| 0 | ||
| 007 | ta | ||
| 008 | 220923b |||||||| |||| 00| 0 eng d | ||
| 037 | _cGeneral Book | ||
| 040 |
_aRTL _cRTL _beng |
||
| 041 |
_2eng _aeng |
||
| 082 | _aY:4353.2.M9, A | ||
| 110 |
_aINDIA, REVENUE AND AGRICULTURE (Deptt of-) _9336390 |
||
| 245 | 0 | _aNarative of the famine in India in 1896-97 by T W | |
| 260 |
_aSimla _bGovt Central Printing Office _c1897 |
||
| 300 |
_a79p _ccm. |
||
| 650 |
_aFamine and Drought _9232545 |
||
| 700 |
_aINDIA, REVENUE AND AGRICULTURE (Deptt of-) _9336391 |
||
| 942 |
_hY:4353.2.M9, A _cGB _2CC |
||
| 999 |
_c653275 _d653275 |
||